Jednou rozkvetu i já / (Záznam č. 34166)
| 000 -Návěští | |
|---|---|
| Řídící pole kódované 24B | 01546nam a2200409 i 4500 |
| 001 - Kontrolní číslo | |
| Řídící pole proměnné | KN3282000989091748 |
| 003 - Identifikátor kontrolního čísla | |
| Řídící pole proměnné | CZ PrSKC |
| 005 - Datum posledního zpracování | |
| Řídící pole 16B | 20260415091855.0 |
| 008 - Údaje pevné délky | |
| Řídící pole kódované 40B | 250624s2025 xr |||||||||||||| ||cze d |
| 020 ## - ISBN | |
| ISBN | 9788076797147 |
| 040 ## - Zdroj katalogizace-agentura | |
| Agentura původní katalogizace | KVG003 |
| Jazyk katalogizace | cze |
| Použitá pravidla popisu | rda |
| 041 1# - Kód jazyka | |
| Kód jazyka textu/zvuku, mezititulků | cze |
| Kód jazyka originálu | jpn |
| 100 1# - Hlavní záhlaví - osobní jméno autora | |
| Osobní jméno | Nakatani, Nio, |
| Datumy související se jménem | 1987- |
| Kód role | aut |
| 9 (RLIN) | 17179 |
| 240 10 - Unifikovaný název | |
| Unifikovaný název | <a href="Yagate kimi ni naru.">Yagate kimi ni naru.</a> |
| Jazyk díla | Česky |
| 245 10 - Údaje o názvu | |
| Název | Jednou rozkvetu i já / |
| Údaj o odpovědností, atd. | Nio Nakatani ; překlad: Lucie Uhlířová, Pavlína Paraiová |
| 250 ## - Údaje o vydání | |
| Označení vydání | První vydání |
| 264 #1 - Nakladatelské údaje | |
| Místo vydání | V Praze : |
| Nakladatel | Crew : |
| -- | Animefest, |
| Rok vydání | 2025 |
| 300 ## - Fyzický popis | |
| Rozsah | 213 stran : |
| další fyzické údaje | ilustrace ; |
| Rozměry | 19 cm |
| 490 1# - Údaje o edici | |
| Údaje o edici | Crew manga |
| 500 ## - Všeobecná poznámka | |
| Text obecné poznámky | Přeloženo z japonštiny |
| 500 ## - Všeobecná poznámka | |
| Text obecné poznámky | Tištěno zprava doleva ve stylu manga |
| 505 1# - Fomátovaná poznámka k obsahu | |
| Formátovaný obsah | 1. 2023. 180 stran -- 2. 2023. 178 stran -- 3. 2023. 178 stran -- 4. 2024. 178 stran -- 5. 2024. 178 stran -- 6. 2024. 178 stran -- 7. 2024. 180 stran -- 8. 2025. 213 stran |
| 520 2# - Anotace | |
| Anotace, atd. | Manga příběh, ve kterém na střední škole rozkvétá romantický příběh dvou dívek. |
| 653 0# - Rejstříkový termín - volně tvořený | |
| Volně tvořený termín | komiksy |
| -- | japonské |
| -- | manga |
| -- | dospívání |
| -- | láska |
| -- | dívky |
| -- | LGBT |
| 655 #7 - Rejstříkový termín - žánr/forma | |
| Žánr/forma či základní termín | manga |
| -- | 14003 |
| 655 #7 - Rejstříkový termín - žánr/forma | |
| Žánr/forma či základní termín | romantické komiksy |
| -- | 13886 |
| 655 #7 - Rejstříkový termín - žánr/forma | |
| Žánr/forma či základní termín | queer literatura |
| -- | 18889 |
| 655 #7 - Rejstříkový termín - žánr/forma | |
| Žánr/forma či základní termín | publikace pro mládež |
| 655 #7 - Rejstříkový termín - žánr/forma | |
| Žánr/forma či základní termín | manga |
| -- | 14003 |
| 655 #9 - Rejstříkový termín - žánr/forma | |
| Žánr/forma či základní termín | romance comics |
| -- | 13887 |
| 655 #9 - Rejstříkový termín - žánr/forma | |
| Žánr/forma či základní termín | queer literature |
| -- | 18890 |
| 655 #9 - Rejstříkový termín - žánr/forma | |
| Žánr/forma či základní termín | juvenile literature |
| 700 1# - Vedlejší záhlaví - osobní jméno autora | |
| Osobní jméno | Uhlířová, Lucie |
| Kód role | trl |
| 9 (RLIN) | 17180 |
| 700 1# - Vedlejší záhlaví - osobní jméno autora | |
| Osobní jméno | Paraiová, Pavlína |
| Kód role | trl |
| 9 (RLIN) | 17181 |
| 910 ## - Údaje o vlastníkovi jednotky (exempláře) | |
| Sigla vlastníka jednotky | ABG508 |
| Stav ztráty | Zdroj klasifikace pro skladování | Stav poškození |
|---|---|---|
| Universal Decimal Classification |